| 000 | 00979nam a22002897a 4500 | ||
|---|---|---|---|
| 005 | 20090424093840.0 | ||
| 008 | 090318t xxu||||| |||| 00| 0 eng d | ||
| 010 | _aENG-93239 | ||
| 020 | _c100.00 | ||
| 035 | _aEN-76772 | ||
| 037 | _bDBAD / PUB | ||
| 040 |
_adpl _bEnglish |
||
| 082 | _a576.8 | ||
| 100 | _aMalaikozhundan, B. | ||
| 245 |
_aEvolutionary biology / _cby B. Malaikozhundan |
||
| 260 |
_c2008 _aKaraikudi _bTBS Publications |
||
| 270 |
_a21, Subramaniapuram, 9th Street, South Extn. _bKaraikudi _e630003 |
||
| 300 |
_a169p. _c20cm (pbk) |
||
| 500 | _aIncludes references | ||
| 650 | _aEvolution | ||
| 650 | _aMolecular evolution | ||
| 650 | _aMolecular biology | ||
| 650 |
_aLife _xOrigin |
||
| 650 | _aCells | ||
| 942 |
_2ddc _cEN _mMAL _h576.8 |
||
| 999 |
_c25331 _d25331 |
||